[Event "Canada Day op"]
[Site "Toronto CAN"]
[Date "1996.06.30"]
[Round "5"]
[White "Veltmann, Martin"]
[Black "Khoudgarian, Natalia"]
[Result "1-0"]
[WhiteElo "2157"]
[BlackElo "2255"]
[PlyCount "106"]
[EventDate "1996.06.28"]
[EventType "swiss"]
[EventRounds "5"]
[EventCountry "CAN"]

1. c4 e6 2. Nc3 d5 3. d4 c6 4. e3 Bd6 5. Nf3 f5 6. Bd3 Nf6 7. O-O O-O 8. b3 Ne4
9. Bb2 Nd7 10. Qe2 Qf6 11. g3 Qh6 12. Ne1 Ndf6 13. f3 Ng5 14. Nc2 Bd7 15. Ba3
Bxa3 16. Nxa3 Be8 17. Rae1 Bh5 18. Nc2 Nfe4 19. Nb1 Nh3+ 20. Kg2 f4 21. exf4 g5
22. Bxe4 dxe4 23. Qxe4 Rae8 24. Nc3 gxf4 25. g4 Bg6 26. Qe2 Ng5 27. Nb4 Qh3+
28. Kh1 h5 29. Qg2 Qxg2+ 30. Kxg2 a5 31. Re5 axb4 32. Rxg5 bxc3 33. Rxg6+ Kh7
34. Rg5 hxg4 35. Rxg4 Rd8 36. Rd1 e5 37. d5 b5 38. Rc1 b4 39. Re1 Rf5 40. dxc6
Rd2+ 41. Kh3 Rh5+ 42. Rh4 Rxh4+ 43. Kxh4 Rxh2+ 44. Kg5 Rxa2 45. Kf6 Ra6 46.
Kxe5 Rxc6 47. Kd5 Rc8 48. c5 Kg6 49. Kc4 Rb8 50. c6 Kf6 51. Kc5 c2 52. Rc1 Re8
53. Rxc2 Re3 1-0

[Event "Canada Day op"]
[Site "Toronto CAN"]
[Date "1996.06.30"]
[Round "5"]
[White "Vukojevic, Miodrag"]
[Black "Veltmann, Alfred"]
[Result "0-1"]
[WhiteElo "1718"]
[BlackElo "1928"]
[PlyCount "90"]
[EventDate "1996.06.28"]
[EventType "swiss"]
[EventRounds "5"]
[EventCountry "CAN"]

1. e4 e5 2. d4 exd4 3. Qxd4 Nc6 4. Qd1 Nf6 5. Nd2 d6 6. Bb5 Bd7 7. Ngf3 Be7 8.
O-O O-O 9. h3 a6 10. Bd3 Ne5 11. Nc4 Nxc4 12. Bxc4 Nxe4 13. Bd5 Bc6 14. Re1 Nf6
15. Bxc6 bxc6 16. Nd4 Qd7 17. Qf3 d5 18. Nxc6 Bd6 19. Nd4 Ne4 20. Be3 f5 21.
Bf4 Bc5 22. c3 g5 23. b4 Bxd4 24. cxd4 gxf4 25. Qxf4 Qd6 26. Qe3 f4 27. Qb3 Rf7
28. Rad1 Rg7 29. Rxe4 Rxg2+ 30. Kf1 Kf8 31. Qf3 dxe4 32. Qxg2 f3 33. Qg5 Re8
34. Qc5 Kf7 35. Qxd6 cxd6 36. Rc1 Rb8 37. Rc7+ Kg6 38. a3 a5 39. Ke1 axb4 40.
a4 b3 41. Rc1 Ra8 42. Kd2 Rxa4 43. Rb1 Ra3 44. Kc1 Ra4 45. d5 Rb4 0-1

[Event "Carnaval"]
[Site "Quebec CAN"]
[Date "1996.02.16"]
[Round "1"]
[White "Beaudry, Marc-Andre"]
[Black "Leveille, Francois"]
[Result "0-1"]
[WhiteElo "2074"]
[BlackElo "2330"]
[PlyCount "50"]
[EventDate "1996.02.16"]
[EventType "swiss"]
[EventRounds "5"]
[EventCountry "CAN"]

1. c4 c6 2. Nf3 d5 3. b3 Bg4 4. Bb2 Nd7 5. g3 e6 6. Bg2 Ngf6 7. O-O Bd6 8. d4
O-O 9. Nc3 Qb8 10. h3 Bh5 11. g4 Bxg4 12. hxg4 Nxg4 13. e4 Bh2+ 14. Kh1 dxe4
15. Nxe4 Bf4 16. Qe1 f5 17. Ng3 Rf6 18. Ne5 Ndxe5 19. dxe5 Rh6+ 20. Kg1 Qd8 21.
Qe2 Qh4 22. Rfd1 Bxg3 23. fxg3 Qxg3 24. Kf1 Ne3+ 25. Kg1 Rh2 0-1

[Event "Carnaval"]
[Site "Quebec CAN"]
[Date "1996.02.17"]
[Round "2"]
[White "Lalonde, Jean-Louis"]
[Black "Beaudry, Marc-Andre"]
[Result "1-0"]
[WhiteElo "1909"]
[BlackElo "2074"]
[PlyCount "120"]
[EventDate "1996.02.16"]
[EventType "swiss"]
[EventRounds "5"]
[EventCountry "CAN"]

1. d4 Nf6 2. Nf3 g6 3. g3 Bg7 4. Bg2 O-O 5. c4 c5 6. O-O cxd4 7. Nxd4 Nc6 8.
Nc3 Nxd4 9. Qxd4 d6 10. Qd3 Be6 11. Bxb7 Rb8 12. Bg2 Qa5 13. Nb5 Rfc8 14. Bd2
Qa6 15. Rfc1 Nd7 16. Rab1 Ne5 17. Qa3 Qxa3 18. Nxa3 Nxc4 19. Nxc4 Bxc4 20. b3
Bxe2 21. Rxc8+ Rxc8 22. Re1 Bb5 23. Rxe7 Bd4 24. Be4 Kf8 25. Rb7 Ba6 26. Rd7
Bb6 27. Rxd6 Re8 28. Bf3 Rc8 29. Rc6 Rxc6 30. Bxc6 Ke7 31. Be3 Bxe3 32. fxe3
Kd6 33. Be8 f6 34. Kf2 Kc5 35. a3 Bd3 36. Ke1 Bc2 37. Bf7 a5 38. Kd2 Bf5 39.
Kc3 g5 40. Bc4 Bd7 41. b4+ axb4+ 42. axb4+ Kd6 43. Kd4 Be8 44. Bd3 h6 45. Ba6
Bh5 46. Bc4 Be8 47. b5 Bd7 48. b6 Bf5 49. b7 Kc7 50. Bd5 h5 51. e4 Bd7 52. h4
gxh4 53. gxh4 Bg4 54. e5 fxe5+ 55. Kxe5 Be2 56. Kf4 Bd1 57. Kg5 Bg4 58. Bf7
Kxb7 59. Bxh5 Be6 60. Bg6 Kc7 1-0

[Event "Carnaval"]
[Site "Quebec CAN"]
[Date "1996.02.17"]
[Round "3"]
[White "Beaudry, Marc-Andre"]
[Black "Pescarus, Radu"]
[Result "1/2-1/2"]
[WhiteElo "2074"]
[BlackElo "1610"]
[PlyCount "33"]
[EventDate "1996.02.16"]
[EventType "swiss"]
[EventRounds "5"]
[EventCountry "CAN"]

1. c4 c5 2. Nf3 Nc6 3. Nc3 e6 4. d4 cxd4 5. Nxd4 a6 6. g3 Nge7 7. Nb3 d5 8.
cxd5 Nxd5 9. Nxd5 Qxd5 10. Qxd5 exd5 11. a3 Be6 12. Be3 Be7 13. Nd4 Bf6 14.
Nxe6 fxe6 15. Bh3 Kf7 16. O-O Nd4 17. Bxd4 1/2-1/2

[Event "Carnaval"]
[Site "Quebec CAN"]
[Date "1996.02.18"]
[Round "4"]
[White "Audet, Michel"]
[Black "Beaudry, Marc-Andre"]
[Result "1/2-1/2"]
[WhiteElo "1636"]
[BlackElo "2074"]
[PlyCount "46"]
[EventDate "1996.02.16"]
[EventType "swiss"]
[EventRounds "5"]
[EventCountry "CAN"]

1. e4 e6 2. d4 d5 3. Nd2 Nf6 4. e5 Nfd7 5. Ngf3 c5 6. c3 Nc6 7. Bd3 cxd4 8.
cxd4 Qb6 9. Nb3 a5 10. a4 Bb4+ 11. Kf1 Be7 12. Be3 f6 13. Rc1 Qc7 14. Nh4 O-O
15. Bxh7+ Kxh7 16. Qh5+ Kg8 17. Ng6 Nb6 18. Qh8+ Kf7 19. Qh5 Ke8 20. Nxf8+ Kxf8
21. Qh8+ Kf7 22. Qh5+ Kf8 23. exf6 Bxf6 1/2-1/2

[Event "Carnaval"]
[Site "Quebec CAN"]
[Date "1996.02.18"]
[Round "5"]
[White "Beaudry, Marc-Andre"]
[Black "Caire, Francois"]
[Result "1-0"]
[WhiteElo "2074"]
[BlackElo "1417"]
[Annotator ",Hugh"]
[PlyCount "42"]
[EventDate "1996.02.16"]
[EventType "swiss"]
[EventRounds "5"]
[EventCountry "CAN"]

1. c4 Nf6 2. Nc3 e6 3. e4 c5 4. e5 Ng8 5. d4 cxd4 6. Qxd4 Nc6 7. Qe4 d6 8. Nf3
dxe5 9. Nxe5 Nf6 10. Nxc6 Nxe4 11. Nxd8 Nxc3 12. Nxf7 Kxf7 13. bxc3 b6 14. a4
Bc5 15. Be2 Bb7 16. O-O Rac8 17. a5 Rhd8 18. axb6 axb6 19. Bg5 Rd7 20. Rfe1 Re8
21. Bg4 h6 {etc. (42)} 1-0

[Event "Casa Loma active"]
[Site "Toronto CAN"]
[Date "1996.01.14"]
[Round "?"]
[White "Teodoro, Eduardo"]
[Black "Allan, Denis"]
[Result "1-0"]
[WhiteElo "2415"]
[BlackElo "2347"]
[PlyCount "61"]
[EventDate "1996.01.14"]
[EventType "swiss (rapid)"]
[EventRounds "5"]
[EventCountry "CAN"]

1. e4 e5 2. Nf3 d6 3. d4 Nf6 4. Nc3 Nbd7 5. h3 Be7 6. Be3 c6 7. a4 O-O 8. Bc4
Nxe4 9. Nxe4 d5 10. Ned2 e4 11. Bb3 exf3 12. Qxf3 f5 13. g3 Nf6 14. Bf4 Kh8 15.
O-O-O Ne4 16. Qe3 Bd6 17. Be5 Bxe5 18. dxe5 Qb6 19. Nxe4 fxe4 20. Rd4 Be6 21.
Rhd1 Rf3 22. Qg5 Qc7 23. Rxe4 Rf5 24. Qh4 dxe4 25. Bxe6 Rxe5 26. Rd7 Qa5 27. b4
Qb6 28. Rxg7 Kxg7 29. Qe7+ Kg6 30. Qf7+ Kg5 31. h4+ 1-0

[Event "Charlesbourg CC ch qual."]
[Site "Charlesbourg CAN"]
[Date "1996.02.12"]
[Round "5"]
[White "Lessard, Claude"]
[Black "Glode, Martin"]
[Result "1-0"]
[WhiteElo "1968"]
[BlackElo "1579"]
[PlyCount "63"]
[EventDate "1996.02.12"]
[EventType "swiss"]
[EventRounds "5"]
[EventCountry "CAN"]

1. d4 Nf6 2. c4 e6 3. Nf3 b6 4. Bg5 Bb7 5. e3 Bb4+ 6. Nbd2 c5 7. dxc5 bxc5 8.
Be2 h6 9. Bxf6 Qxf6 10. Qc2 Nc6 11. a3 Ba5 12. O-O Bc7 13. Rfd1 O-O 14. Ne4 Qe7
15. Qd3 Ne5 16. Nxe5 Bxe5 17. Rab1 Bxh2+ 18. Kf1 Be5 19. f4 Qh4 20. Kg1 d6 21.
Bf3 f5 22. Nd2 Bxf4 23. exf4 Bxf3 24. Nxf3 Qxf4 25. Qxd6 Qxc4 26. Ne5 Qb3 27.
Rd3 Qa2 28. Rbd1 Rac8 29. b3 Qxa3 30. Qxe6+ Kh7 31. Qg6+ Kg8 32. Rd7 1-0

[Event "Charlesbourg Tch"]
[Site "Charlesbourg CAN"]
[Date "1996.10.28"]
[Round "1"]
[White "Beaudoin, Stephane"]
[Black "Lessard, Claude"]
[Result "0-1"]
[WhiteElo "1862"]
[BlackElo "1952"]
[PlyCount "82"]
[EventDate "1996.10.21"]
[EventType "team"]
[EventRounds "6"]
[EventCountry "CAN"]

1. e4 e6 2. d4 d5 3. Nc3 Bb4 4. e5 Ne7 5. a3 Bxc3+ 6. bxc3 c5 7. Nf3 Nbc6 8.
Be2 Bd7 9. O-O Qc7 10. a4 c4 11. Nh4 h6 12. f4 O-O-O 13. Ba3 Rdg8 14. Qb1 g5
15. fxg5 hxg5 16. Nf3 Nf5 17. Bc1 Qd8 18. g3 Rh3 19. Kg2 g4 20. Ng1 Rh7 21. Bf4
Rgh8 22. Bxg4 Rxh2+ 23. Kf3 Nfxd4+ 24. cxd4 Nxd4+ 25. Ke3 Nxc2+ 26. Kf3 Bc6 27.
Bc1 f5 28. Bxf5 exf5 29. Ra2 d4+ 30. Kf4 Be4 31. Nf3 Bxf3 32. Rxc2 R8h4+ 33.
gxh4 Qxh4+ 34. Kxf5 Be4+ 35. Ke6 Qg4+ 36. Kd6 Qd7+ 37. Kc5 Qd5+ 38. Kb4 a5+ 39.
Ka3 Qc5+ 40. Ka2 Bxc2 41. Qb5 Bxa4+ 0-1

[Event "Claidheamhmor op"]
[Site "Winnipeg CAN"]
[Date "1996.12.14"]
[Round "1"]
[White "Bollenbach, Brad"]
[Black "Hanrahan, Nigel"]
[Result "1-0"]
[WhiteElo "2077"]
[BlackElo "1735"]
[PlyCount "81"]
[EventDate "1996.12.14"]
[EventType "swiss"]
[EventRounds "5"]
[EventCountry "CAN"]
[Source "ChessBase"]
[SourceDate "2000.11.22"]

1. e4 c5 2. Nf3 Nc6 3. Nc3 Nf6 4. d4 cxd4 5. Nxd4 g6 6. Be3 Bg7 7. Nb3 O-O 8.
Be2 d6 9. O-O Be6 10. f4 Qd7 11. h3 Bxb3 12. axb3 Rfd8 13. Bf3 e6 14. g4 d5 15.
e5 Nxg4 16. hxg4 d4 17. Bxc6 bxc6 18. Qe2 dxe3 19. Rad1 Qc7 20. Qxe3 Qb6 21.
Kf2 Qxe3+ 22. Kxe3 Bf8 23. Ne4 Be7 24. g5 Rxd1 25. Rxd1 Rd8 26. Rxd8+ Bxd8 27.
Nf6+ Bxf6 28. exf6 Kf8 29. Kd4 Ke8 30. Kc5 Kd7 31. b4 Kc7 32. c4 Kd7 33. b5
cxb5 34. Kxb5 Kc7 35. c5 Kb7 36. c6+ Kc7 37. Kc5 a5 38. b3 Kc8 39. Kd6 Kd8 40.
c7+ Kc8 41. Kc6 1-0

[Event "Claidheamhmor op"]
[Site "Winnipeg CAN"]
[Date "1996.12.14"]
[Round "1"]
[White "Gannon, Keith"]
[Black "Kim, Phillip"]
[Result "0-1"]
[WhiteElo "1644"]
[BlackElo "2044"]
[PlyCount "76"]
[EventDate "1996.12.14"]
[EventType "swiss"]
[EventRounds "5"]
[EventCountry "CAN"]
[Source "ChessBase"]
[SourceDate "2000.11.22"]

1. e4 Nf6 2. Nc3 e5 3. Nf3 Nc6 4. d4 exd4 5. Nxd4 Bb4 6. Nxc6 bxc6 7. Bd2 O-O
8. Bd3 d5 9. exd5 cxd5 10. O-O h6 11. a3 Bd6 12. Re1 Ng4 13. h3 Qh4 14. Be3
Nxe3 15. Rxe3 c6 16. Qf3 Bd7 17. Na2 Rab8 18. b4 f5 19. c4 d4 20. Ree1 g5 21.
c5 Be7 22. Bc4+ Kh8 23. Be6 g4 24. Qd3 Bxe6 25. Rxe6 Rbd8 26. Rae1 Rg8 27. Qd2
f4 28. Qd3 gxh3 29. Rg6 hxg2 30. Rxg8+ Kxg8 31. Qg6+ Kf8 32. Qxg2 Rd5 33. Kf1
d3 34. Nc3 Rg5 35. Qf3 Qh2 36. Qxd3 Qh1+ 37. Ke2 Re5+ 38. Ne4 Rxe4+ 0-1

[Event "Claidheamhmor op"]
[Site "Winnipeg CAN"]
[Date "1996.12.14"]
[Round "1"]
[White "Sekhar, Ganesan"]
[Black "Agusti, Marcos"]
[Result "1-0"]
[WhiteElo "1948"]
[BlackElo "1674"]
[PlyCount "121"]
[EventDate "1996.12.14"]
[EventType "swiss"]
[EventRounds "5"]
[EventCountry "CAN"]
[Source "ChessBase"]
[SourceDate "2000.11.22"]

1. Nf3 e6 2. e4 d5 3. e5 c5 4. Bb5+ Bd7 5. Bxd7+ Nxd7 6. O-O Ne7 7. c3 Nf5 8.
d4 Be7 9. Nbd2 h6 10. Qe2 c4 11. g4 Nh4 12. Nxh4 Bxh4 13. f4 Qc7 14. Nf3 Be7
15. f5 O-O-O 16. Bf4 Rdg8 17. b3 Nb6 18. a4 g5 19. Bg3 cxb3 20. Nd2 Kb8 21. f6
Bd8 22. a5 Nc4 23. Nxb3 b6 24. Rfb1 Qc6 25. Nc5 Kc8 26. axb6 Bxb6 27. Ra6 Kc7
28. Qa2 Ra8 29. Rb4 Rhb8 30. Rba4 Qb5 31. Rb4 Qc6 32. Qb1 Rh8 33. Kg2 Ne3+ 34.
Kf3 Nc4 35. Ke2 Rab8 36. Qa2 Ra8 37. Qb1 Rab8 38. Rb5 h5 39. Ra4 Ra8 40. gxh5
Rxh5 41. Na6+ Kd7 42. Qb4 Re8 43. Rc5 Bxc5 44. Nxc5+ Kc8 45. Rxa7 Nb6 46. Rxf7
Rhh8 47. Rb7 Qxb7 48. Nxb7 Kxb7 49. Qd6 Ra8 50. Qe7+ Ka6 51. Qxe6 Kb5 52. c4+
dxc4 53. d5 Ra2+ 54. Kd1 Rha8 55. Qc6+ Kb4 56. Qxb6+ Kc3 57. Qe3+ Kb4 58. Be1+
Kb5 59. f7 R8a3 60. Qxa3 Rxa3 61. f8=Q 1-0

[Event "Claidheamhmor op"]
[Site "Winnipeg CAN"]
[Date "1996.12.14"]
[Round "1"]
[White "Trueman, Francis"]
[Black "Avena, Danny"]
[Result "1-0"]
[WhiteElo "1489"]
[BlackElo "1703"]
[PlyCount "59"]
[EventDate "1996.12.14"]
[EventType "swiss"]
[EventRounds "5"]
[EventCountry "CAN"]
[Source "ChessBase"]
[SourceDate "2000.11.22"]

1. e4 c5 2. Nf3 Nc6 3. g3 d6 4. d3 Bg4 5. Nbd2 Nf6 6. c3 Nd7 7. Bg2 Nde5 8. Qe2
Rc8 9. O-O Qd7 10. Rb1 h5 11. h4 Qc7 12. Nc4 g6 13. Be3 b5 14. Ncd2 Bg7 15.
Rfc1 Qb7 16. d4 cxd4 17. cxd4 Nxf3+ 18. Nxf3 O-O 19. Qd2 Rfd8 20. Bh6 Bxf3 21.
Bxg7 Kxg7 22. Bxf3 Qd7 23. Bg2 e5 24. dxe5 dxe5 25. Qxd7 Rxd7 26. Bh3 Rdc7 27.
Bxc8 Rxc8 28. Rc5 Ne7 29. Rxc8 Nxc8 30. Rd1 1-0

[Event "Claidheamhmor op"]
[Site "Winnipeg CAN"]
[Date "1996.12.14"]
[Round "1"]
[White "Wasny, Mark"]
[Black "Roque, Rudy"]
[Result "0-1"]
[WhiteElo "1562"]
[BlackElo "1834"]
[PlyCount "62"]
[EventDate "1996.12.14"]
[EventType "swiss"]
[EventRounds "5"]
[EventCountry "CAN"]
[Source "ChessBase"]
[SourceDate "2000.11.22"]

1. Nf3 d6 2. d4 Nd7 3. c4 e5 4. Nc3 Be7 5. e4 Ngf6 6. Bd3 a6 7. O-O h6 8. h3 c6
9. a4 a5 10. Be3 Qc7 11. Nh2 g5 12. Kh1 Nf8 13. h4 Ng6 14. g3 Bh3 15. Rg1 O-O-O
16. d5 gxh4 17. Rc1 h5 18. dxc6 bxc6 19. Nb5 Qd7 20. Na7+ Kb7 21. Qb3+ Ka8 22.
Qb6 Rb8 23. Qxa5 Bd8 24. Qc3 Bb6 25. Bxb6 Rxb6 26. c5 dxc5 27. Qxc5 Qxa7 28. a5
Nd7 29. axb6 Nxc5 30. bxa7 Nxd3 31. Rxc6 Nxf2# 0-1

[Event "Claidheamhmor op"]
[Site "Winnipeg CAN"]
[Date "1996.12.14"]
[Round "1"]
[White "Wierda, John"]
[Black "Peresky, Neil"]
[Result "1-0"]
[WhiteElo "1717"]
[BlackElo "1430"]
[PlyCount "23"]
[EventDate "1996.12.14"]
[EventType "swiss"]
[EventRounds "5"]
[EventCountry "CAN"]
[Source "ChessBase"]
[SourceDate "2000.11.22"]

1. e4 e5 2. Nf3 d6 3. Bc4 Nf6 4. Ng5 h6 5. Nxf7 Qe7 6. Nxh8 Nxe4 7. Qh5+ Kd8 8.
Nf7+ Ke8 9. Nxe5+ Kd8 10. Nf7+ Kd7 11. Qf5+ Ke8 12. Qxc8+ 1-0

[Event "Claidheamhmor op"]
[Site "Winnipeg CAN"]
[Date "1996.12.14"]
[Round "2"]
[White "Armstrong, Jeff"]
[Black "Gannon, Keith"]
[Result "0-1"]
[WhiteElo "1470"]
[BlackElo "1644"]
[PlyCount "62"]
[EventDate "1996.12.14"]
[EventType "swiss"]
[EventRounds "5"]
[EventCountry "CAN"]
[Source "ChessBase"]
[SourceDate "2000.11.22"]

1. d4 d5 2. c4 e6 3. Nc3 Nf6 4. Nf3 c5 5. dxc5 Bxc5 6. Bg5 Bb4 7. a3 Bxc3+ 8.
bxc3 h6 9. Bh4 O-O 10. e3 g5 11. Nxg5 Qa5 12. Nf3 Qxc3+ 13. Nd2 dxc4 14. Rc1
Qe5 15. Bxc4 Nbd7 16. O-O Qh5 17. Nf3 b5 18. Be2 Bb7 19. Re1 Rad8 20. Qb3 Bxf3
21. Bxf6 Nxf6 22. Bxf3 Qe5 23. Be2 a6 24. Rc6 Rd6 25. Rec1 Rd2 26. Re1 Rxe2 27.
Kf1 Rb2 28. Qd3 Qd5 29. Qc3 Rb3 30. Qxf6 Qxc6 31. Qxh6 Qc3 0-1

[Event "Claidheamhmor op"]
[Site "Winnipeg CAN"]
[Date "1996.12.14"]
[Round "2"]
[White "Hanrahan, Nigel"]
[Black "Ott, Richard"]
[Result "1-0"]
[WhiteElo "1735"]
[BlackElo "1450"]
[PlyCount "90"]
[EventDate "1996.12.14"]
[EventType "swiss"]
[EventRounds "5"]
[EventCountry "CAN"]
[Source "ChessBase"]
[SourceDate "2000.11.22"]

1. e4 c5 2. Nf3 d6 3. d4 cxd4 4. Nxd4 Nf6 5. Nc3 g6 6. Be3 Bg7 7. Qd2 Nc6 8.
O-O-O Ng4 9. Nb3 Nxe3 10. Qxe3 O-O 11. Be2 Be6 12. Nd5 a5 13. Qb6 Bxd5 14. Qxd8
Rfxd8 15. exd5 Nb4 16. a3 a4 17. Na1 Na6 18. Bxa6 Rxa6 19. f4 Rb6 20. c3 Rc8
21. Rd3 Rc5 22. Re1 Bf6 23. Re4 Kf8 24. Rxa4 e6 25. dxe6 fxe6 26. Rb4 Rxb4 27.
axb4 Rc6 28. Nb3 Ke7 29. Na5 Rc7 30. Kd2 b6 31. Nb3 Kd7 32. Nd4 d5 33. Nf3 Ke7
34. h4 b5 35. g3 Kf7 36. Nd4 Rb7 37. Ke3 Bd8 38. Kf3 Bf6 39. Rd1 Rb6 40. Ke3
Ke7 41. Ra1 h5 42. Ra5 Bxd4+ 43. Kxd4 Kd6 44. b3 Rb7 45. Ra6+ Kc7 1-0

[Event "Claidheamhmor op"]
[Site "Winnipeg CAN"]
[Date "1996.12.14"]
[Round "2"]
[White "Herkert, Dean"]
[Black "Bollenbach, Brad"]
[Result "0-1"]
[WhiteElo "1710"]
[BlackElo "2077"]
[PlyCount "45"]
[EventDate "1996.12.14"]
[EventType "swiss"]
[EventRounds "5"]
[EventCountry "CAN"]
[Source "ChessBase"]
[SourceDate "2000.11.22"]

1. f4 d5 2. Nf3 Nf6 3. e3 Bg4 4. Be2 Nbd7 5. O-O g6 6. h3 Bxf3 7. Bxf3 Bg7 8.
Nc3 c6 9. d3 e5 10. Ne2 e4 11. dxe4 dxe4 12. Bg4 Nxg4 13. hxg4 Qh4 14. Nd4 Nf6
15. Qe1 Qxg4 16. Qb4 O-O-O 17. Qc5 Kb8 18. Qb4 Ka8 19. c4 Qh5 20. Rf2 c5 21.
Qa3 cxd4 22. exd4 Ng4 23. d5 0-1

[Event "Claidheamhmor op"]
[Site "Winnipeg CAN"]
[Date "1996.12.14"]
[Round "2"]
[White "Kim, Phillip"]
[Black "Senecal, Jean-Pierre"]
[Result "1-0"]
[WhiteElo "2044"]
[BlackElo "1817"]
[PlyCount "72"]
[EventDate "1996.12.14"]
[EventType "swiss"]
[EventRounds "5"]
[EventCountry "CAN"]
[Source "ChessBase"]
[SourceDate "2000.11.22"]

1. e4 c5 2. Bc4 Nf6 3. Nc3 e6 4. e5 d5 5. Bb5+ Nfd7 6. Nf3 a6 7. Bxd7+ Bxd7 8.
O-O Be7 9. d4 O-O 10. Ne2 cxd4 11. Nexd4 Nc6 12. c3 Na5 13. Re1 Rc8 14. h3 b5
15. Nh2 b4 16. cxb4 Bxb4 17. Bd2 Bxd2 18. Qxd2 Nc4 19. Qe2 Qb6 20. Nb3 a5 21.
Rab1 a4 22. Nc1 Na3 23. bxa3 Qxb1 24. Nd3 Qc2 25. Qxc2 Rxc2 26. Nb4 Rc3 27. Ng4
Rb8 28. Re3 Rbc8 29. Rg3 Rxg3 30. fxg3 Rc3 31. Kf2 Rxa3 32. Ne3 Bb5 33. Nec2
Rc3 34. g4 Bd3 35. Nd4 Rc4 36. Ndc6 Be4 1-0

[Event "Claidheamhmor op"]
[Site "Winnipeg CAN"]
[Date "1996.12.14"]
[Round "2"]
[White "Roque, Rudy"]
[Black "Trueman, Francis"]
[Result "1-0"]
[WhiteElo "1834"]
[BlackElo "1489"]
[PlyCount "37"]
[EventDate "1996.12.14"]
[EventType "swiss"]
[EventRounds "5"]
[EventCountry "CAN"]
[Source "ChessBase"]
[SourceDate "2000.11.22"]

1. e4 c6 2. d4 d5 3. e5 Bf5 4. Bd3 Bxd3 5. Qxd3 e6 6. Ne2 Nd7 7. b3 g6 8. O-O
Qc7 9. f4 Ne7 10. Ba3 Bg7 11. Bxe7 Kxe7 12. Nd2 Raf8 13. Rac1 f6 14. c4 fxe5
15. fxe5 Rxf1+ 16. Rxf1 Nf8 17. Nf4 c5 18. cxd5 cxd4 19. d6+ 1-0

[Event "Claidheamhmor op"]
[Site "Winnipeg CAN"]
[Date "1996.12.14"]
[Round "2"]
[White "Wierda, John"]
[Black "Sekhar, Ganesan"]
[Result "1/2-1/2"]
[WhiteElo "1717"]
[BlackElo "1948"]
[PlyCount "116"]
[EventDate "1996.12.14"]
[EventType "swiss"]
[EventRounds "5"]
[EventCountry "CAN"]
[Source "ChessBase"]
[SourceDate "2000.11.22"]

1. e4 e5 2. Nf3 Nc6 3. d4 Nf6 4. dxe5 Nxe4 5. Bb5 Be7 6. O-O O-O 7. Re1 Nc5 8.
Nc3 a6 9. Bc4 b5 10. Bd5 Bb7 11. a3 Rb8 12. b4 Ne6 13. Qd3 Qe8 14. Ne4 Ncd8 15.
Bxb7 Rxb7 16. Nfg5 Nxg5 17. Bxg5 Ne6 18. Nf6+ Bxf6 19. exf6 Qc8 20. fxg7 Re8
21. Bf6 Rb6 22. Re4 Nxg7 23. Bxg7 Rxe4 24. Qxe4 Kxg7 25. Rd1 Re6 26. Qd4+ Kg8
27. h3 Qe8 28. Rd3 d6 29. Rg3+ Rg6 30. Rc3 c6 31. Re3 Re6 32. Rg3+ Rg6 33. Re3
Re6 34. Rg3+ Rg6 35. Re3 Qd7 36. Qb6 Qc8 37. Kf1 Re6 38. g4 Rxe3 39. Qxe3 Qe6
40. Qxe6 fxe6 41. f4 Kf7 42. Ke2 Kf6 43. Ke3 c5 44. c3 e5 45. Ke4 exf4 46. Kxf4
cxb4 47. axb4 h6 48. h4 d5 49. g5+ hxg5+ 50. hxg5+ Ke6 51. g6 d4 52. g7 Kf7 53.
cxd4 Kxg7 54. Ke4 Kf6 55. Kd5 Ke7 56. Kc6 a5 57. Kxb5 axb4 58. Kxb4 Kd6 1/2-1/2

[Event "Claidheamhmor op"]
[Site "Winnipeg CAN"]
[Date "1996.12.14"]
[Round "3"]
[White "Agusti, Marcos"]
[Black "Wasny, Mark"]
[Result "1-0"]
[WhiteElo "1674"]
[BlackElo "1562"]
[PlyCount "97"]
[EventDate "1996.12.14"]
[EventType "swiss"]
[EventRounds "5"]
[EventCountry "CAN"]
[Source "ChessBase"]
[SourceDate "2000.11.22"]

1. d4 Nf6 2. c4 e6 3. Nf3 c6 4. e3 d5 5. a3 Be7 6. Bd3 dxc4 7. Bxc4 c5 8. O-O
cxd4 9. Nxd4 O-O 10. Nc3 Qc7 11. Bd3 a6 12. Bd2 b5 13. Rc1 Qd7 14. Be2 Bb7 15.
Bf3 Nc6 16. Nxc6 Bxc6 17. Bxc6 Qxc6 18. Qe2 Rfd8 19. Rfd1 Rd7 20. Na2 Qe4 21.
Bb4 Bxb4 22. Nxb4 Nd5 23. Nxd5 Rxd5 24. f3 Rxd1+ 25. Rxd1 Qh4 26. Rd4 Qg5 27.
Qd2 Rc8 28. f4 Qf6 29. g4 g5 30. Kg2 Qg6 31. Rd8+ Rxd8 32. Qxd8+ Kg7 33. Qxg5
Qxg5 34. fxg5 Kg6 35. h4 f5 36. gxf6 Kxf6 37. Kf3 Ke5 38. g5 Kf5 39. e4+ Kg6
40. Kg4 h6 41. h5+ Kg7 42. e5 hxg5 43. Kxg5 Kf7 44. h6 a5 45. h7 Kg7 46. h8=Q+
Kxh8 47. Kf6 Kg8 48. Kxe6 Kf8 49. Kd7 1-0

[Event "Claidheamhmor op"]
[Site "Winnipeg CAN"]
[Date "1996.12.14"]
[Round "3"]
[White "Bollenbach, Brad"]
[Black "Kim, Phillip"]
[Result "1-0"]
[WhiteElo "2077"]
[BlackElo "2044"]
[PlyCount "115"]
[EventDate "1996.12.14"]
[EventType "swiss"]
[EventRounds "5"]
[EventCountry "CAN"]
[Source "ChessBase"]
[SourceDate "2000.11.22"]

1. e4 c5 2. Nf3 d6 3. d3 Nc6 4. g3 g6 5. Bg2 Bg7 6. Nbd2 e5 7. O-O Nge7 8. c3
O-O 9. Nb3 b5 10. a4 bxa4 11. Rxa4 Be6 12. Ng5 Bd7 13. Ra1 h6 14. Nf3 a5 15.
Ne1 Qc7 16. f4 a4 17. Nd2 Na5 18. f5 gxf5 19. exf5 Nxf5 20. Rxf5 Bxf5 21. Bxa8
Rxa8 22. Rxa4 Re8 23. Qf3 Bd7 24. Rh4 f5 25. Nf1 f4 26. gxf4 exf4 27. Ng2 Bc6
28. Qxf4 Rf8 29. Qg3 Rf3 30. Qg6 Rf6 31. Qg3 Rf3 32. Qg6 Rf6 33. Qg4 Qf7 34.
Ng3 Kh7 35. Ne3 Re6 36. Qd1 Be5 37. d4 Bxg3 38. hxg3 Rg6 39. Ng4 Qf3 40. Qxf3
Bxf3 41. Rxh6+ Rxh6 42. Nxh6 cxd4 43. cxd4 Nb3 44. Be3 Kg6 45. Kf2 Bd1 46. Ng8
Kf7 47. Nh6+ Kg6 48. Ke1 Bf3 49. Kf2 Bd1 50. Ke1 Bf3 51. g4 Nxd4 52. Bxd4 Kxh6
53. Be3+ Kg6 54. g5 Kf5 55. b4 Ke5 56. Kd2 d5 57. Kc3 Bh5 58. b5 1-0

[Event "Claidheamhmor op"]
[Site "Winnipeg CAN"]
[Date "1996.12.14"]
[Round "3"]
[White "Herkert, Dean"]
[Black "Gannon, Keith"]
[Result "1/2-1/2"]
[WhiteElo "1710"]
[BlackElo "1644"]
[PlyCount "164"]
[EventDate "1996.12.14"]
[EventType "swiss"]
[EventRounds "5"]
[EventCountry "CAN"]
[Source "ChessBase"]
[SourceDate "2000.11.22"]

1. e4 Nf6 2. e5 Nd5 3. c4 Nb6 4. d4 d6 5. exd6 cxd6 6. Nf3 g6 7. Nc3 Bg7 8. Be2
Nc6 9. O-O O-O 10. Be3 Bf5 11. a3 Na5 12. b3 d5 13. c5 Rc8 14. b4 Nac4 15. Nh4
Nb2 16. Qb3 N6c4 17. Nxf5 gxf5 18. Bxc4 Nxc4 19. Rfe1 e6 20. Rad1 Kh8 21. Na4
Rg8 22. Nb2 Nxb2 23. Qxb2 Bf6 24. Bf4 Rg4 25. Be5 Qe7 26. Qe2 Rcg8 27. g3 Re4
28. Bxf6+ Qxf6 29. Qd3 Rgg4 30. Rxe4 fxe4 31. Qe3 Kg8 32. Rf1 Qf3 33. Qxf3 exf3
34. Rd1 f5 35. b5 Kf7 36. a4 Ke7 37. a5 Kd7 38. h3 Re4 39. Kf1 Re2 40. Rd3 Rb2
41. Rxf3 Rxb5 42. a6 b6 43. cxb6 Rxb6 44. g4 Rxa6 45. gxf5 Ke7 46. fxe6 Rxe6
47. Ra3 a6 48. Ra5 Rd6 49. Kg2 Kd7 50. f3 Kc7 51. Kg3 Kb6 52. Ra1 Kb5 53. Kf4
Re6 54. Kf5 Re3 55. Kf4 Re8 56. h4 a5 57. h5 a4 58. Kf5 Kb4 59. Kf6 Ra8 60.
Rb1+ Kc4 61. Kg7 Ra7+ 62. Kh6 a3 63. f4 a2 64. Rf1 Kxd4 65. f5 Ke5 66. f6 Rf7
67. Ra1 Rxf6+ 68. Kxh7 Rf2 69. h6 Rg2 70. Kh8 Kd4 71. h7 Kc3 72. Rg1 Kd3 73.
Rd1+ Kc2 74. Rc1+ Kb3 75. Rc3+ Kb2 76. Rb3+ Kc1 77. Rb1+ Kd2 78. Rb2+ Ke1 79.
Rb1+ Kf2 80. Rf1+ Kg3 81. Rf3+ Kh4 82. Rh3+ Kxh3 1/2-1/2